Central Library and Information Centre
Sibsagar Girls' College, Sivasagar : Assam

AN ANTHOLOGY OF ENGLISH VERSE (Record no. 3690)

MARC details
000 -LEADER
fixed length control field 00308cam a2200145ua 4500
008 - FIXED-LENGTH DATA ELEMENTS--GENERAL INFORMATION
fixed length control field 131204n II |||gr||||Z||||||eng
040 ## - CATALOGING SOURCE
Original cataloging agency MAIN
041 ## - LANGUAGE CODE
-- English
082 ## - DEWEY DECIMAL CLASSIFICATION NUMBER
Classification number 425 DIB
100 ## - MAIN ENTRY--PERSONAL NAME
Personal name D.U.
245 ## - TITLE STATEMENT
Title AN ANTHOLOGY OF ENGLISH VERSE
942 ## - ADDED ENTRY ELEMENTS (KOHA)
Koha item type Books
653 ## - INDEX TERM--UNCONTROLLED
Uncontrolled term English grammar
Holdings
Withdrawn status Lost status Damaged status Not for loan Collection code Home library Current library Shelving location Date acquired Full call number Barcode Date last seen Copy number Price effective from Koha item type Public note
        REFENG Central Library and Information Centre Sibsagar Girls College Central Library and Information Centre Sibsagar Girls College English Rack 21.04.1972 425 DIB 03487 27.02.2020 1 27.02.2020 Books  
        TBENG Central Library and Information Centre Sibsagar Girls College Central Library and Information Centre Sibsagar Girls College ENGLISH BOOK RACK 21.04.1972 425 DIB 03488 27.02.2020 2 27.02.2020 Books V
        REFENG Central Library and Information Centre Sibsagar Girls College Central Library and Information Centre Sibsagar Girls College English Rack 21.04.1972 425 DIB 03489 27.02.2020 3 27.02.2020 Books  


Sibsagar Girl's College © 2020. All rights reserved.
Powered by Koha.
Maintained by Abhijit Borpuzari.